[Event "Kragero op-B"]
[Site "Kragero"]
[Date "2020.02.21"]
[Round "5"]
[White "Lystad, Maximilian L"]
[Black "Skaslien, Ingrid"]
[Result "0-1"]
[WhiteElo "1710"]
[BlackElo "1847"]
[PlyCount "116"]
[EventDate "2020.02.19"]
[EventType "swiss"]
[EventRounds "9"]
[EventCountry "NOR"]
[SourceTitle "CBM 195 Extra"]
[Source "ChessBase"]
[SourceDate "2020.05.31"]
[SourceVersion "1"]
[SourceVersionDate "2020.05.31"]
[SourceQuality "1"]

1. c4 c5 2. g3 Nc6 3. Bg2 g6 4. Nc3 Bg7 5. d3 Nf6 6. Nf3 0-0 7. 0-0 d6 8. Bd2 Bd7 9. a3 Qc8 10. Qc1 Bh3 11. Bh6 Bxg2 12. Kxg2 Nd4 13. Bxg7 Kxg7 14. Nxd4 cxd4 15. Ne4 Nxe4 16. dxe4 Qc6 17. f3 Rac8 18. b3 b5 19. Qb2 bxc4 20. Qxd4+ e5 21. Qxc4 Qxc4 22. bxc4 Rxc4 23. Rfd1 Rc6 24. Rd5 f5 25. exf5 gxf5 26. Rb1 Rf7 27. Rb4 Kf6 28. Rh4 Kg6 29. Ra4 Rb7 30. Rda5 Rb2 31. Ra6 Rxa6 32. Rxa6 Rxe2+ 33. Kf1 Rd2 34. Ke1 Rxh2 35. Rxd6+ Kg5 36. Re6 Ra2 37. Rxe5 Rxa3 38. g4 Rxf3 39. gxf5 Rxf5 40. Re7 h5 41. Rxa7 Kg4 42. Rg7+ Kh3 43. Rd7 Rf3 44. Ke2 Rg3 45. Kf2 h4 46. Rd4 Rb3 47. Rc4 Rb2+ 48. Kf3 Rb7 49. Kf2 Rf7+ 50. Kg1 Rf3 51. Rc2 Kg4 52. Rc4+ Kg3 53. Rc8 Kh3 54. Rc2 Rg3+ 55. Kh1 Kg4 56. Rg2 Kf3 57. Rxg3+ hxg3 58. Kg1 g2 0-1

[Event "Oslo Stjernen op B"]
[Site "Oslo"]
[Date "2017.06.18"]
[Round "6"]
[White "Lystad, Maximilian L"]
[Black "Wright, Haakon"]
[Result "0-1"]
[WhiteElo "1458"]
[BlackElo "1506"]
[PlyCount "96"]
[EventDate "2017.06.16"]
[EventType "swiss"]
[EventRounds "6"]
[EventCountry "NOR"]
[SourceTitle "EXT 2024"]
[Source "ChessBase"]
[SourceDate "2023.10.10"]
[SourceVersion "1"]
[SourceVersionDate "2023.10.10"]
[SourceQuality "1"]

1. e4 e5 2. Nf3 Nc6 3. Bb5 a6 4. Ba4 b5 5. Bb3 Be7 6. 0-0 Nf6 7. d3 0-0 8. c3 d6 9. h3 h6 10. Re1 Be6 11. Bxe6 fxe6 12. Nbd2 Qe8 13. Nf1 Nh5 14. d4 Qf7 15. d5 Nd8 16. Ng3 Nxg3 17. fxg3 exd5 18. Qxd5 Qxd5 19. exd5 Nb7 20. b4 a5 21. Bb2 Rae8 22. Re4 Bf6 23. Rf1 Ra8 24. a3 Nd8 25. Rd1 Nf7 26. h4 Nh8 27. Rde1 Ng6 28. h5 Ne7 29. g4 Nxd5 30. Rd1 Nb6 31. Nd2 d5 32. Re3 axb4 33. cxb4 d4 34. Re2 Nc4 35. Bc1 Nxd2 36. Rexd2 Bg5 37. Re2 Bxc1 38. Rxc1 Rfe8 39. Rxc7 Rxa3 40. Rc5 d3 41. Re1 e4 42. Kf2 d2 43. Rd1 e3+ 44. Ke2 Rf8 45. Rf5 Rxf5 46. gxf5 Kf7 47. g4 Kf6 48. Kf3 Rc3 0-1

[Event "Oslo Stjernen op B"]
[Site "Oslo"]
[Date "2017.06.17"]
[Round "4"]
[White "Lystad, Maximilian L"]
[Black "Kreken, Eivind Grunt"]
[Result "1-0"]
[WhiteElo "1458"]
[BlackElo "1150"]
[PlyCount "101"]
[EventDate "2017.06.16"]
[EventType "swiss"]
[EventRounds "6"]
[EventCountry "NOR"]
[SourceTitle "EXT 2024"]
[Source "ChessBase"]
[SourceDate "2023.10.10"]
[SourceVersion "1"]
[SourceVersionDate "2023.10.10"]
[SourceQuality "1"]

1. e4 c5 2. Nf3 a6 3. d4 cxd4 4. Nxd4 d6 5. Nc3 Nf6 6. Be3 e6 7. Be2 Be7 8. 0-0 0-0 9. Qd2 Bd7 10. f4 Nc6 11. Bf3 Qc7 12. Rad1 Rfd8 13. Qf2 e5 14. Nb3 Bg4 15. Bb6 Qc8 16. Bxd8 Qxd8 17. Bxg4 Nxg4 18. Qg3 Qb6+ 19. Kh1 Ne3 20. Nd5 Nxf1 21. Qxg7+ Kxg7 22. Nxb6 Ne3 23. Rd3 Ng4 24. Rg3 Rg8 25. Rxg4+ Kh8 26. Rxg8+ Kxg8 27. Nd5 Bf8 28. f5 Kg7 29. g4 f6 30. h4 h6 31. c3 Be7 32. Nd2 b5 33. b4 Bd8 34. a3 Ne7 35. Kg2 Nxd5 36. exd5 Kf7 37. Ne4 Be7 38. Kf3 Ke8 39. Nd2 Kd7 40. Nb3 Kc7 41. Na5 Kb6 42. Nc6 Bf8 43. Nd8 a5 44. Ke4 axb4 45. axb4 Ka6 46. Nf7 Kb6 47. g5 hxg5 48. hxg5 fxg5 49. Nxg5 Kb7 50. f6 Kc7 51. Ne6+ 1-0

[Event "Oslo Stjernen op B"]
[Site "Oslo"]
[Date "2017.06.16"]
[Round "2"]
[White "Lystad, Maximilian L"]
[Black "Nordquelle, Amelia"]
[Result "0-1"]
[WhiteElo "1458"]
[BlackElo "1233"]
[PlyCount "72"]
[EventDate "2017.06.16"]
[EventType "swiss"]
[EventRounds "6"]
[EventCountry "NOR"]
[SourceTitle "EXT 2024"]
[Source "ChessBase"]
[SourceDate "2023.10.10"]
[SourceVersion "1"]
[SourceVersionDate "2023.10.10"]
[SourceQuality "1"]

1. e4 e5 2. Nf3 Nc6 3. Bb5 a6 4. Ba4 b5 5. Bb3 Bc5 6. c3 Nf6 7. 0-0 Nxe4 8. d4 exd4 9. cxd4 Be7 10. d5 Nb8 11. Re1 Nf6 12. Bg5 0-0 13. Qd3 Re8 14. Bc2 g6 15. Nc3 d6 16. Qe2 Nbd7 17. Rad1 Bb7 18. Bb3 b4 19. Ne4 Nxe4 20. Qxe4 Bxg5 21. Qxe8+ Qxe8 22. Rxe8+ Rxe8 23. Nxg5 Re2 24. Rb1 Nb6 25. Kf1 Re7 26. Rd1 a5 27. a4 Ba6+ 28. Kg1 Re2 29. Nf3 Rxb2 30. Nd4 Bc4 31. Bxc4 Nxc4 32. Nb5 Ra2 33. g3 Rxa4 34. Nxc7 b3 35. Nb5 b2 36. Nc3 Ra1 0-1

[Event "Oslo Stjernens op"]
[Site "Oslo"]
[Date "2015.11.08"]
[Round "5"]
[White "Grindbakken, Erik"]
[Black "Lystad, Maximilian L"]
[Result "1-0"]
[WhiteElo "1301"]
[BlackElo "1199"]
[PlyCount "145"]
[EventDate "2015.11.06"]
[EventType "swiss"]
[EventRounds "5"]
[EventCountry "NOR"]
[SourceTitle "CBM 169 Extra"]
[Source "ChessBase"]
[SourceDate "2015.12.18"]
[SourceVersion "1"]
[SourceVersionDate "2015.12.18"]
[SourceQuality "1"]

1. c4 e6 2. d4 d5 3. Nc3 Bb4 4. cxd5 exd5 5. Bd2 Nc6 6. Nf3 Bg4 7. e3 Nge7 8. Be2 Qd7 9. a3 Bxc3 10. Bxc3 0-0-0 11. b4 Ng6 12. h3 Bxf3 13. gxf3 Rhe8 14. f4 Nce7 15. Rg1 f5 16. a4 Ng8 17. Bb5 c6 18. Be2 Qf7 19. b5 N6e7 20. Qc2 Kb8 21. bxc6 Nxc6 22. a5 Rc8 23. Qb3 Re7 24. a6 b6 25. Ba5 Nxa5 26. Rxa5 Nf6 27. Ra1 Rec7 28. Qb2 g6 29. Kf1 Rc2 30. Qb5 Qe8 31. Kg2 Qxb5 32. Bxb5 Ne4 33. Rgf1 Rd2 34. Ba4 Rb2 35. Rab1 Rd2 36. Bb3 Rd8 37. Rbc1 Rb2 38. Ba4 g5 39. fxg5 h6 40. g6 Rg8 41. Rc6 Rb4 42. Bc2 Rc4 43. Bxe4 Rxc6 44. Bxf5 b5 45. Rb1 Rb6 46. Bd3 Kc7 47. Rb4 Kd6 48. Kg3 Ke6 49. Kg4 Kf6 50. h4 Rgb8 51. h5 Rxa6 52. Rxb5 Rxb5 53. Bxb5 Ra2 54. f3 Rg2+ 55. Kf4 Rg5 56. e4 Rxh5 57. e5+ Ke6 58. Be8 Rf5+ 59. Ke3 Rf8 60. Ba4 Rg8 61. Bc2 Rc8 62. Bd3 a5 63. f4 a4 64. f5+ Ke7 65. f6+ Kf8 66. e6 a3 67. Bb1 Rc3+ 68. Kd2 Rg3 69. e7+ Ke8 70. g7 h5 71. Ba2 h4 72. Bxd5 h3 73. Bc6+ 1-0

[Event "NOR-ch U12"]
[Site "Bergen"]
[Date "2015.11.??"]
[Round "5"]
[White "Lystad, Maximilian L"]
[Black "Sidali, Elias Hulleberg"]
[Result "1-0"]
[WhiteElo "1205"]
[BlackElo "1083"]
[PlyCount "41"]
[EventDate "2015.11.13"]
[EventType "swiss"]
[EventRounds "7"]
[EventCountry "NOR"]
[SourceTitle "EXT 2024"]
[Source "ChessBase"]
[SourceDate "2023.10.10"]
[SourceVersion "1"]
[SourceVersionDate "2023.10.10"]
[SourceQuality "1"]

1. e4 e6 2. d4 d5 3. Nc3 Nf6 4. e5 Nfd7 5. Nce2 c5 6. c3 Nc6 7. Nf3 Be7 8. Be3 0-0 9. Ng3 h6 10. Bd3 f6 11. exf6 Nxf6 12. Qc1 Qe8 13. Nh4 Ng4 14. Bg6 Qd8 15. Nf3 Nxe3 16. Qxe3 Rf6 17. Bc2 Rf8 18. Qd3 Bd6 19. Qh7+ Kf7 20. Bg6+ Kf6 21. Nh5+ 1-0

[Event "NOR-ch U12"]
[Site "Bergen"]
[Date "2015.11.??"]
[Round "6"]
[White "Mansoor, Afras"]
[Black "Lystad, Maximilian L"]
[Result "1-0"]
[WhiteElo "1643"]
[BlackElo "1205"]
[PlyCount "111"]
[EventDate "2015.11.13"]
[EventType "swiss"]
[EventRounds "7"]
[EventCountry "NOR"]
[SourceTitle "EXT 2024"]
[Source "ChessBase"]
[SourceDate "2023.10.10"]
[SourceVersion "1"]
[SourceVersionDate "2023.10.10"]
[SourceQuality "1"]

1. d4 e6 2. Nf3 f5 3. c4 Nf6 4. Nc3 c6 5. Bg5 d5 6. e3 Bd6 7. Bd3 0-0 8. 0-0 Nbd7 9. cxd5 cxd5 10. Rc1 a6 11. Ne2 Qe8 12. Bf4 Ne4 13. Bxd6 Nxd6 14. Nf4 Nf6 15. Ne5 Bd7 16. f3 Rc8 17. Rf2 Bc6 18. Rfc2 a5 19. Qe1 Nf7 20. Nxc6 bxc6 21. a3 Qd7 22. Qxa5 g5 23. Nh3 h6 24. Qd2 Nd8 25. Qe2 Rf7 26. Bb5 Qd6 27. Nf2 Rfc7 28. Ba6 Rb8 29. Nd3 Nd7 30. Nb4 Rb6 31. Rc3 c5 32. dxc5 Rxc5 33. Rxc5 Nxc5 34. Bd3 Nc6 35. Nxc6 Rxc6 36. b4 Nxd3 37. Rxc6 Qxc6 38. Qxd3 Kf7 39. Qd2 e5 40. Kf2 Ke6 41. Qb2 Qb6 42. Qc3 Kd6 43. Ke2 f4 44. exf4 gxf4 45. Qd3 Kc6 46. Qg6+ Kb5 47. Qxb6+ Kxb6 48. Kd3 Kb5 49. Kc3 h5 50. g3 e4 51. fxe4 f3 52. Kd3 dxe4+ 53. Ke3 Kc4 54. h3 f2 55. Kxf2 Kd3 56. Ke1 1-0

[Event "NOR-ch U10"]
[Site "Lillehammer"]
[Date "2013.06.29"]
[Round "5"]
[White "Lorem, Einar"]
[Black "Lystad, Maximilian L"]
[Result "1-0"]
[WhiteElo "593"]
[BlackElo "647"]
[PlyCount "49"]
[EventDate "2013.06.29"]
[EventType "swiss"]
[EventRounds "9"]
[EventCountry "NOR"]
[SourceTitle "EXT 2017"]
[Source "ChessBase"]
[SourceDate "2016.10.25"]
[SourceVersion "1"]
[SourceVersionDate "2016.10.25"]
[SourceQuality "1"]

1. e4 e5 2. Bc4 Nf6 3. d3 Bc5 4. Nc3 0-0 5. Na4 d6 6. Nxc5 dxc5 7. f4 exf4 8. Bxf4 Bg4 9. Nf3 Nc6 10. c3 Nh5 11. Be3 Re8 12. 0-0 b6 13. Qd2 Ne5 14. Nxe5 Rxe5 15. Rxf7 Qh4 16. Re7+ Kf8 17. Rxe5 Qf6 18. Rg5 Bd7 19. Rf1 Qxf1+ 20. Kxf1 Nf6 21. Bd5 Re8 22. Qe1 Nxd5 23. Rxd5 Be6 24. Rg5 c4 25. d4 1-0